00835 2200217 4500001002100000005001700021008004100038035002400079082001100103090002100114100004700135245025500182250001100437260002800448300002500476650006500501850001500566980001500581985000600596999001500602YOGYA-0209000002385120090227023818.0 ind  0010-020900000023851 a351.72 a351.72bInd KlR aINDONESIA. [Undang-undang, Peraturan dsb.] aKeputusan Presiden RI No. 29 tahun 1984 dan UU RI No. 4 tahun 1985 tentang APBN tahun 1985/1986 beserta penjelasannyabdilengkapi Keppres No. 30 tahun 1984, No. 17 tahun 1983, NO. 42 tahun 1980, No. 10 tahun 1980, No. 40 tahun 1985, No. 41 tahun 1985 aCet. 1 aJakartabEko Jayac1985 a223 hlmbilusc21 cm aAnggaran Pendapatan dan Belanja Negara - Keputusan-keputusan aYOPDYOG(B) a03-02-2007 a1 a06A0021730